00570nam a22001817a 450000500170000001000150001702000270003203500130005903700130007224500990008526000380018427000660022230000260028850000240031470000160033870000160035470000180037020130625115957.0 aENG-107734 a9788186727075c1195.00 aEN-91267 bDBAD/PUB aEmerging trends in corporate management /cedited by S.L. Gupta, G.S. Batra [and] A.K. Vashist aHaryanabNirmal Book Agencyc2012 aOpp. Kurukshetra University IIIrd Gate, bKurukshetrae136119 axiii,378p. c24cm(Hb) aIncludes references aGupta, S.L. aBatra, G.S. aVashist, A.K.